| 000 -LEADER |
| fixed length control field |
02083cam a2200589Ia 4500 |
| 020 ## - INTERNATIONAL STANDARD BOOK NUMBER |
| ISBN |
0673601358 (grade 1, consumable) |
| 020 ## - INTERNATIONAL STANDARD BOOK NUMBER |
| ISBN |
9780673601353 (grade 1, consumable) |
| 020 ## - INTERNATIONAL STANDARD BOOK NUMBER |
| ISBN |
067360148X (grade 2) |
| 020 ## - INTERNATIONAL STANDARD BOOK NUMBER |
| ISBN |
9780673601483 (grade 2) |
| 020 ## - INTERNATIONAL STANDARD BOOK NUMBER |
| ISBN |
0673601366 (grade 2, consumable) |
| 020 ## - INTERNATIONAL STANDARD BOOK NUMBER |
| ISBN |
9780673601360 (grade 2, consumable) |
| 020 ## - INTERNATIONAL STANDARD BOOK NUMBER |
| ISBN |
0673601498 (grade 3) |
| 020 ## - INTERNATIONAL STANDARD BOOK NUMBER |
| ISBN |
9780673601490 (grade 3) |
| 020 ## - INTERNATIONAL STANDARD BOOK NUMBER |
| ISBN |
0673601374 (grade 3, consumable) |
| 020 ## - INTERNATIONAL STANDARD BOOK NUMBER |
| ISBN |
9780673601377 (grade 3, consumable) |
| 020 ## - INTERNATIONAL STANDARD BOOK NUMBER |
| ISBN |
0673601501 (grade 4) |
| 020 ## - INTERNATIONAL STANDARD BOOK NUMBER |
| ISBN |
9780673601506 (grade 4) |
| 020 ## - INTERNATIONAL STANDARD BOOK NUMBER |
| ISBN |
0673601382 (grade 4, consumable) |
| 020 ## - INTERNATIONAL STANDARD BOOK NUMBER |
| ISBN |
9780673601384 (grade 4, consumable) |
| 020 ## - INTERNATIONAL STANDARD BOOK NUMBER |
| ISBN |
067360151X (grade 5) |
| 020 ## - INTERNATIONAL STANDARD BOOK NUMBER |
| ISBN |
9780673601513 (grade 5) |
| 020 ## - INTERNATIONAL STANDARD BOOK NUMBER |
| ISBN |
0673601390 (grade 5, consumable) |
| 020 ## - INTERNATIONAL STANDARD BOOK NUMBER |
| ISBN |
9780673601391 (grade 5, consumable) |
| 020 ## - INTERNATIONAL STANDARD BOOK NUMBER |
| ISBN |
0673601528 (grade 6) |
| 020 ## - INTERNATIONAL STANDARD BOOK NUMBER |
| ISBN |
9780673601520 (grade 6) |
| 020 ## - INTERNATIONAL STANDARD BOOK NUMBER |
| ISBN |
0673601404 (grade 6, consumable) |
| 020 ## - INTERNATIONAL STANDARD BOOK NUMBER |
| ISBN |
9780673601407 (grade 6, consumable) |
| 020 ## - INTERNATIONAL STANDARD BOOK NUMBER |
| ISBN |
0673601536 (grade 7) |
| 020 ## - INTERNATIONAL STANDARD BOOK NUMBER |
| ISBN |
9780673601537 (grade 7) |
| 020 ## - INTERNATIONAL STANDARD BOOK NUMBER |
| ISBN |
0673601412 (grade 7, consumable) |
| 020 ## - INTERNATIONAL STANDARD BOOK NUMBER |
| ISBN |
9780673601414 (grade 7, consumable) |
| 020 ## - INTERNATIONAL STANDARD BOOK NUMBER |
| ISBN |
0673601544 (grade 8) |
| 020 ## - INTERNATIONAL STANDARD BOOK NUMBER |
| ISBN |
9780673601544 (grade 8) |
| 020 ## - INTERNATIONAL STANDARD BOOK NUMBER |
| ISBN |
0673601420 (grade 8, consumable) |
| 020 ## - INTERNATIONAL STANDARD BOOK NUMBER |
| ISBN |
9780673601421 (grade 8, consumable) |
| 040 ## - CATALOGING SOURCE |
| Transcribing agency |
ABC |
| 082 ## - DEWEY DECIMAL CLASSIFICATION NUMBER |
| Classification number |
372 SCO 2000 A016 Or. |
| 100 1# - MAIN ENTRY--AUTHOR NAME |
| Personal name |
Beers, James W., |
| 245 10 - TITLE STATEMENT |
| Title |
Everyday spelling / |
| 246 14 - VARYING FORM OF TITLE |
| Title proper/short title |
Scott Foresman-Addison Wesley everyday spelling: vocabulary, writing |
| 260 ## - PUBLICATION, DISTRIBUTION, ETC. (IMPRINT) |
| Place of publication |
Glenview, Ill. : |
| Name of publisher |
Scott Foresman Addison Wesley, |
| Year of publication |
c2000. |
| 300 ## - PHYSICAL DESCRIPTION |
| Number of Pages |
15 v. : |
| Other physical details |
col. ill. ; |
| Dimensions |
28-29 cm. |
| 500 ## - GENERAL NOTE |
| General note |
Grades 2-8 include consumable text to be used as a workbook. |
| 650 #0 - SUBJECT ADDED ENTRY--TOPICAL TERM |
| Topical Term |
Spellers. |
| 650 #0 - SUBJECT ADDED ENTRY--TOPICAL TERM |
| Topical Term |
Vocabulary |
| 650 #0 - SUBJECT ADDED ENTRY--TOPICAL TERM |
| Topical Term |
English language |
| 700 1# - ADDED ENTRY--PERSONAL NAME |
| Personal name |
Cramer, Ronald L. |
| 700 1# - ADDED ENTRY--PERSONAL NAME |
| Personal name |
Hammond, W. Dorsey. |
| 710 2# - ADDED ENTRY--CORPORATE NAME |
| Corporate name or jurisdiction name as entry element |
Scott, Foresman and Company. |
| 710 2# - ADDED ENTRY--CORPORATE NAME |
| Corporate name or jurisdiction name as entry element |
Addison-Wesley Publishing Company. |
| 942 ## - ADDED ENTRY ELEMENTS (KOHA) |
| Koha item type |
សៀវភៅភាសាអង់គ្លេស |
| 952 ## - LOCATION AND ITEM INFORMATION (KOHA) |
| Withdrawn status [LOCAL, KOHA] |
0 |